|
|
|
|
| LEADER |
00000cam a2200000 a 4500 |
| 001 |
52170 |
| 003 |
CZ-ZlUTB |
| 005 |
20190826001623.0 |
| 007 |
tu |
| 008 |
040116s2003 xr ac e 000 0 rus |
| 020 |
|
|
|a 8072382853
|q (brož.)
|
| 035 |
|
|
|a (OCoLC)56869106
|
| 040 |
|
|
|a BOA001
|b cze
|d ABA001
|d ZLD002
|
| 043 |
|
|
|a e-ru---
|
| 072 |
|
7 |
|a 811.161
|x Východoslovanské jazyky
|2 Konspekt
|9 11
|
| 080 |
|
|
|a 811.161.1
|2 MRF
|
| 080 |
|
|
|a 81'42
|2 MRF
|
| 080 |
|
|
|a 316.7
|2 MRF
|
| 080 |
|
|
|a (470+571)
|2 MRF
|
| 080 |
|
|
|a (035)
|2 MRF
|
| 080 |
|
|
|a (082.21)
|2 MRF
|
| 100 |
1 |
|
|a Matyušová, Zdeňka,
|d 1958-
|7 mzk2003175431
|4 aut
|
| 245 |
1 |
0 |
|a Čítanka ruských literárně-kulturních textů =
|b Russkije literaturno-kul'turnyje teksty dlja čtenija /
|c Zdeňka Matyušová
|
| 246 |
3 |
1 |
|a Russkije literaturno-kul'turnyje teksty dlja čtenija
|
| 250 |
|
|
|a 1. vyd.
|
| 260 |
|
|
|a Plzeň :
|b Fraus,
|c 2003
|
| 300 |
|
|
|a 64 s. :
|b il., portréty ;
|c 24 cm
|
| 500 |
|
|
|a Český úvod
|
| 504 |
|
|
|a Obsahuje bibliografii
|
| 650 |
0 |
7 |
|a ruština
|7 ph125351
|2 czenas
|
| 650 |
0 |
9 |
|a Russian language
|2 eczenas
|
| 650 |
0 |
9 |
|a written texts
|2 eczenas
|
| 650 |
0 |
7 |
|a psané texty
|7 ph124767
|2 czenas
|
| 650 |
0 |
9 |
|a culture
|2 eczenas
|
| 650 |
0 |
7 |
|a kultura
|7 ph122009
|z Rusko
|2 czenas
|
| 655 |
|
7 |
|a antologie
|7 fd131819
|2 czenas
|
| 655 |
|
9 |
|a handbooks and manuals
|2 eczenas
|
| 655 |
|
7 |
|a příručky
|7 fd133209
|2 czenas
|
| 655 |
|
9 |
|a anthology
|2 eczenas
|
| 910 |
|
|
|a ZLD002
|
| 952 |
|
|
|0 0
|1 0
|4 0
|6 8082MATYUŠOVÁZ
|7 0
|8 BOOK
|9 93408
|a UTBZL
|b UTBZL
|c 005
|d 2009-12-08
|l 0
|o 808.2/MATYUŠOVÁ,Z.
|p 420010125128
|r 2019-08-26 00:00:00
|v 129.00
|w 2019-08-26
|x N:nákup; | 20100831
|y 01
|
| 952 |
|
|
|0 0
|1 0
|4 0
|6 8082MATYUŠOVÁZ
|7 0
|8 BOOK
|9 93409
|a UTBZL
|b UTBZL
|c 006
|d 2009-05-22
|l 2
|o 808.2/MATYUŠOVÁ,Z.
|p 420010124244
|r 2019-08-26 00:00:00
|v 129.00
|w 2019-08-26
|x N: nákup
|y 04
|
| 952 |
|
|
|0 0
|1 0
|4 0
|6 8082MATYUŠOVÁZ
|7 0
|8 BOOK
|9 93410
|a UTBZL
|b UTBZL
|c 006
|d 2009-12-08
|l 4
|o 808.2/MATYUŠOVÁ,Z.
|p 420010125129
|r 2019-08-26 00:00:00
|v 129.00
|w 2019-08-26
|x N:nákup;
|y 04
|
| 992 |
|
|
|a BK
|b SK
|d 6
|
| 901 |
|
|
|b 9788072382859
|f 1. vyd.
|o 20040218
|
| 999 |
|
|
|c 52170
|d 52170
|